[Event "PCA-World Championship"]
[Site "London"]
[Date "1993.09.11"]
[Round "3"]
[White "Kasparov, Garry"]
[Black "Short, Nigel D"]
[Result "1-0"]
[WhiteElo "2805"]
[BlackElo "2655"]
[PlyCount "117"]
[EventDate "1993.09.??"]
[EventType "match"]
[EventRounds "20"]
[EventCountry "ENG"]
[Source "ChessBase"]
[SourceDate "1993.10.01"]

1. e4 e5 2. Nf3 Nc6 3. Bb5 a6 4. Ba4 Nf6 5. O-O Be7 6. Re1 b5 7. Bb3 O-O 8. a4
Bb7 9. d3 Re8 10. Nbd2 Bf8 11. c3 h6 12. Ba2 d6 {Kasparov now sends his knight
off on its travels in order to exchange it for the f8 bishop. Things go
smoothly.} 13. Nh4 $1 {Short: "I underestimated this move. Now I cannot really
stop the white knight coming to g6 from where it will trade off my valuable
defensive bishop on f8. My problem is that Kasparov's bishop on a2 pins my
f7-pawn, so the white knight is immune when it lands on g6."} ({It is also
interesting to note that Kasparov preferred the knight manouvre to exchange it
for the f8 bishop to the fork on the b5 and f7 pawns after} 13. axb5 axb5 14.
Qb3) 13... Qd7 14. Ng6 Ne7 15. Nxf8 {and Kasparov thought that he probably
already had a won game at this point with his bishop pair against Short's
single bishop, although no open diagonals as yet exist, no further advantages
are visible and despite having used up several tempi with his knight on the
way  f3-h4-g6-f8. Next came} Kxf8 16. f3 Rad8 17. b4 Ng6 18. Nb3 Bc8 19. Bb1
Nh5 20. axb5 axb5 21. Be3 Nh4 22. Ra2 Re6 23. d4 Rg6 24. Kh1 Re8 25. dxe5 Rxe5
26. g4 $3 {The accuracy of Kasparov's evaluation is already obvious. He won on
move 59. Short: "A tremendously strong move, even though it seems to wreck the
pawn constellation around Kasparov's king.} ({In contrast, the apparently
tempting} 26. f4 {would have been wrong, since I could then sacrifice to make
a draw. For example} Nxg2 27. Rxg2 Rxg2 28. Kxg2 Qh3+ 29. Kg1 Bg4 30. Qd2 Bf3
31. fxe5 (31. Rf1 $145 $1) 31... Qg4+ 32. Kf1 ({not} 32. Kf2 Qg2#) 32... Qh3+ (
32... Ng3+ $145 $1 33. hxg3 Qh3+ 34. Kg1 Qh1+ 35. Kf2 Qg2#) 33. Kg1 Qg4+ {with
a draw by perpetual check.}) 26... Rf6 27. Bd4 Ng3+ 28. hxg3 Nxf3 29. Bxe5 Qxg4
30. Rh2 Nxe1 31. Qxe1 dxe5 32. Nd2 Rd6 33. Bc2 Be6 34. Kg1 Kg8 35. Nf1 Qg5 36.
Qe3 Qd8 37. Rd2 c6 38. Rxd6 Qxd6 39. Qc5 Qxc5+ 40. bxc5 h5 41. Nd2 Kf8 42. Kf2
Ke7 43. Bb3 Bd7 44. Nf3 Kf6 45. c4 bxc4 46. Bxc4 Be6 47. Be2 Bg4 48. Bd1 g6 49.
Ba4 Bd7 50. Ne1 Ke6 51. Bb3+ Ke7 52. Nd3 f6 53. Nb4 f5 54. Ba4 fxe4 55. Bxc6
Bxc6 56. Nxc6+ Ke6 57. Ke3 g5 58. Kxe4 h4 59. gxh4 1-0